| Tag |
First Indicator |
Second Indicator |
Subfields |
| LEADER |
00000cam a22000004a 4500 |
| 001 |
in00001574412 |
| 005 |
20151022095818.0 |
| 008 |
000724s2001 njua 001 0 eng |
| 010 |
|
|
|a 00060697
|
| 020 |
|
|
|a 0130198498
|
| 035 |
|
|
|a (OCoLC)ocm44713012
|
| 040 |
|
|
|a DLC
|c DLC
|d C#P
|d TXA
|d UtOrBLW
|
| 042 |
|
|
|a pcc
|
| 049 |
|
|
|a TXAM
|
| 050 |
0 |
0 |
|a TK5105.5
|b .B5686 2001
|
| 082 |
0 |
0 |
|a 005.7/13
|2 21
|
| 100 |
1 |
|
|a Blommers, John.
|
| 245 |
1 |
0 |
|a OpenView network node manager :
|b designing and implementing an enterprise solution /
|c John Blommers.
|
| 264 |
|
1 |
|a Upper Saddle River, N.J. :
|b Prentice Hall PTR,
|c [2001]
|
| 264 |
|
4 |
|c ©2001
|
| 300 |
|
|
|a xxvi, 316 pages :
|b illustrations ;
|c 24 cm.
|
| 336 |
|
|
|a text
|b txt
|2 rdacontent
|
| 337 |
|
|
|a unmediated
|b n
|2 rdamedia
|
| 338 |
|
|
|a volume
|b nc
|2 rdacarrier
|
| 490 |
1 |
|
|a Hewlett-Packard professional books
|
| 500 |
|
|
|a Includes index.
|
| 650 |
|
0 |
|a Computer networks
|x Management.
|
| 630 |
0 |
0 |
|a OpenView.
|
| 650 |
|
0 |
|a Client/server computing.
|
| 830 |
|
0 |
|a Hewlett-Packard professional books.
|
| 994 |
|
|
|a E0
|b TXA
|
| 948 |
|
|
|a cataloged
|b h
|c 2000/12/14
|d c
|e jlanham
|f 1:00:46 pm
|
| 999 |
|
|
|a MARS
|
| 999 |
f |
f |
|s 64805933-05fd-3b82-9f5e-1836ab71c260
|i 07c8129b-3024-3def-8220-6e329807d2ef
|t 0
|
| 952 |
f |
f |
|p ric
|a Texas A&M University
|b Rellis Campus
|c Joint Library Facility
|d Remote Storage
|t 0
|e TK5105.5 .B5686 2001
|h Library of Congress classification
|i unmediated -- volume
|m A14826446580
|
| 998 |
f |
f |
|a TK5105.5 .B5686 2001
|t 0
|l Remote Storage
|